Holiday Quiz

Random Holiday or Letter Quiz
Score 0/19 Timer 05:00
0 Plays Today
Hint Answer % Correct
Numbers under 20elEVEn
91.8%
Numbers under 20sEVEn
91.5%
Numbers under 20sEVEnteen
87.9%
25 Tallest MountainsMount EVErest
77.4%
Simple MachineslEVEr
73.3%
100 Common English WordsEVEn
56.2%
US PresidentsGrover ClEVEland
53.4%
US PresidentsTeddy RoosEVElt
44.6%
US PresidentsFranklin RoosEVElt
44.6%
US National ParksTeddy RoosEVElt
44.6%
Hint Answer % Correct
Wives of Henry VIIIAnne of ClEVEs
38.6%
Top 100 Harry Potter CharactersSEVErus Snape
34.5%
Pokémon (Gen 1)EEVEe
28.3%
Book of the BibleREVElation
28.2%
Best Picture WinnersAll about EVE
26.5%
US National ParksEVErglades
20.6%
Top 100 Harry Potter CharactersPeEVES
12.2%
Canterbury Tales PilgrimsReEVE
11.6%
Top 100 Harry Potter CharactersColin CreEVEy
10.6%
Remove Ads.
Support Sporcle.
Get the best of Sporcle when you Go Orange. This ad-free experience offers more features, more stats, and more fun while also helping to support Sporcle. Thank you for becoming a member.

You're not logged in!

Compare scores with friends on all Sporcle quizzes.
OR
Log In

Show Comments

Extras

Top Quizzes Today


Score Distribution

Your Account Isn't Verified!

In order to create a playlist on Sporcle, you need to verify the email address you used during registration. Go to your Sporcle Settings to finish the process.

Report this User

Report this user for behavior that violates our Community Guidelines.

Details: